=LDR 00000nam 2200000 4500 =001 INLIS000000000048422 =005 20200313020910 =035 ##$$a 0010-111600000000001 =008 200313################g##########0#ind## =020 ##$$a 978-602-8931-33-5 =082 ##$$a 297.122 5 =090 ##$$a 297.122 5 $b Rum j =100 ##$$a Rumah Baca Al Quran =245 1#$$a Juz'amma dan terjemah perkata dengan 10 keutamaan /$c Rumah Baca Al Quran ; penyunting H.M. Ali Sofro, M.Ag. =260 ##$$a Yogyakarta :$b Buku Pintar,$c 2011 =300 ##$$a 188 hlm. ; $c 23 X 15 cm. =650 #4$$a Juz Amma ( Al Quran ) =250 ##$$a cet.1 =990 ##$$a 21601000 =990 ##$$a 21601001 =990 ##$$a 21601002 =990 ##$$a 21601003 =990 ##$$a 21601004